Michaelis Pselli, De operatione daemonum dialogus / (Record no. 162667)

MARC details
000 -LEADER
campo de control de longitud fija 01283nam a2200313 i 4500
001 - NÚMERO DE CONTROL
campo de control 162667
003 - IDENTIFICADOR DE NÚMERO DE CONTROL
campo de control ES-MaACL
005 - FECHA Y HORA DE LA ÚLTIMA TRANSACCIÓN
campo de control 20251003183414.0
008 - DATOS DE LONGITUD FIJA--INFORMACIÓN GENERAL
campo de control de longitud fija 010410s1615 fr |||| | lat d
100 1# - ENTRADA PRINCIPAL--NOMBRE DE PERSONA
Nombre de persona Psellus, Michael.
9 (RLIN) 94101
245 10 - MENCIÓN DEL TÍTULO
Título Michaelis Pselli, De operatione daemonum dialogus /
Mención de responsabilidad, etc. Gilbertus Gaulminus ... primus graecè edidit [et] notis illustrauit ; [latina Pselli interpretatio Petri Morelli].
260 ## - PUBLICACIÓN, DISTRIBUCIÓN, ETC.
Lugar de publicación, distribución, etc. Lutetiae Parisiorum :
Nombre del editor, distribuidor, etc. Sumptibus Hieronymi Drouart ... sub scuto Solari,
Fecha de publicación, distribución, etc. 1615.
300 ## - DESCRIPCIÓN FÍSICA
Extensión [8], 153 [i.e. 177], [14] p., [1] en bl. ;
Dimensiones 18 cm.
546 ## - NOTA DE IDIOMA
Nota de lengua/lenguaje Texto en griego y latín.
594 ## - Nota al título y mención de responsabilidad
Nota al título y mención de responsabilidad Trad. tomado de dedicatoria.
594 ## - Nota al título y mención de responsabilidad
Nota al título y mención de responsabilidad Precede al tít. el mismo en caracteres griegos.
596 ## - NOTA AL PIE DE IMPRENTA
NOTA AL PIE DE IMPRENTA Marca tip. en port.
597 ## - NOTA DE DESCRIPCIÓN FÍSICA
NOTA DE DESCRIPCIÓN FÍSICA Sign.: a4, A-Z4, e4.
597 ## - NOTA DE DESCRIPCIÓN FÍSICA
NOTA DE DESCRIPCIÓN FÍSICA Error de pag., de p. 136 pasa a 113.
597 ## - NOTA DE DESCRIPCIÓN FÍSICA
NOTA DE DESCRIPCIÓN FÍSICA Texto con apostillas marginales.
597 ## - NOTA DE DESCRIPCIÓN FÍSICA
NOTA DE DESCRIPCIÓN FÍSICA Las notas con portadilla propia.
650 07 - PUNTO DE ACCESO ADICIONAL DE MATERIA--TÉRMINO DE MATERIA
Término de materia o nombre geográfico como elemento de entrada Demonología
Fuente del encabezamiento o término embne
9 (RLIN) 11589
700 1# - ENTRADA AGREGADA--NOMBRE PERSONAL
Nombre de persona Gaulmin, Gilbert,
Fechas asociadas al nombre 1585-1665
9 (RLIN) 127262
700 1# - ENTRADA AGREGADA--NOMBRE PERSONAL
Nombre de persona Morel, Pierre.
9 (RLIN) 130162
700 1# - ENTRADA AGREGADA--NOMBRE PERSONAL
Nombre de persona Drouart, Jerome.
9 (RLIN) 223720
740 0# - ENTRADA AGREGADA--TÍTULO RELACIONADO/ANALÍTICO NO CONTROLADO
Título relacionado o analítico no controlado De operatione daemonum dialogus.
852 ## - LOCALIZACIÓN
Ubicación ES-MaACL
Número de control de estantería R-926
Nota libre -- Enc. perg.
Encuadernación Olim: G-1391
Holdings
Estatus retirado Estado de pérdida Estado de daño No para préstamo Colección Biblioteca de origen Biblioteca actual Ubicación en estantería Fecha de adquisición Fuente de adquisición Total de préstamos Signatura topográfica completa Código de barras Visto por última vez Precio de reemplazo Tipo de ítem Koha
        Libros del s. XVII Biblioteca del Ateneo de Madrid Biblioteca del Ateneo de Madrid Depósito 17/01/2008     R-926 1170421 23/02/2023 23/02/2023 Libro impreso antiguo